| 000 | 01221nam a2200289 a 4500 | ||
|---|---|---|---|
| 001 | 000022058 | ||
| 003 | DO-SdBNP | ||
| 005 | 20250813094555.0 | ||
| 008 | 100916s1927 dr ac r 000 0 spa d | ||
| 040 |
_aDO-SdBNP _bspa _cBNPHU |
||
| 082 |
_a342.729303 _bR426d,1927 |
||
| 110 | 2 |
_aRepública Dominicana _9447 |
|
| 240 | 1 | 0 | _aConstitución (1927) |
| 245 | 1 | 0 |
_aConstitución de la República Dominicana 1927 ; _bConstitución de la República Dominicana 1929 ; Constitución de la República Dominicana 1934 ; Constitución de la República Dominicana 1942. |
| 250 | _aed. oficial | ||
| 260 |
_aSanto Domingo : _bJ. R. Vda. García, _c1927. |
||
| 300 |
_a31 ; 31 ; 31 ; 38 p. : _bil., retrs. ; _c24 cm. |
||
| 563 | _aCuatro obras encuadernadas juntas con paginación independiente | ||
| 590 | _aInventariado, 2019/VM | ||
| 651 | 4 |
_aRepública Dominicana _xConstitución (1927{Rpara} _945709 |
|
| 651 | 4 |
_aRepública Dominicana _zDerecho Constitucional _9449 |
|
| 740 | 0 | _aConstitución de la República Dominicana 1929 | |
| 740 | 0 | _aConstitución de la República Dominicana 1934 | |
| 740 | 0 | _aConstitución de la República Dominicana 1942 | |
| 910 | _aValidado. Control de calidad. MFF | ||
| 942 |
_2ddc _cLBS1 |
||
| 999 |
_c21556 _d21556 |
||